000 01330nam a2200253 4500
003 CO-ViMGA
020 _a9789587850321
040 _aCO-ViMGA
_bspa
_cCO-ViMGA
090 _aC NIW1
245 1 0 _aNiwi úmuke pari ayunnuga = Contando desde la sierra
_blos niños arhuacos de Jewrwa cuentan para los niños de Colombia
_cilustraciones, alumnos del Centro Educativo Rural Indígena Seykutun de Jewrwa ; traducción, docentes del Centro Educativo Rural Indígena Seykutun de Jewrwa
246 _aContando desde la sierra
250 _aEdición Especial
260 _aBogotá :
_bMinisterio de Educación Nacional
_bMinisterio de cultura
_c2017
300 _a73 p. :
_bil. ; color
490 _aPlan Nacional de Lectura y Escritura Leer es mi Cuento
500 _aColección de actualización bibliográfica para la Red de Bibliotecas Públicas del Ministerio de Cultura, Plan Nacional de Lectura y Escritura Leer es mi cuento, 2018
546 _aTexto bilingüe: Ikun (lengua indígena) - español
650 1 4 _aArhuacos
_xVida social y costumbres
_xLiteratura juvenil
_913738
650 1 4 _aCuentos indígenas colombiano
_913736
650 1 4 _aLeyendas indígenas colombianas
_92446
650 1 4 _aLiteratura indígena colombiana
_913737
710 _aCentro Educativo Rural Indígena Seykutun de Jewrwa
_913739
942 _2ddc
_cBK
999 _c11879
_d11879